[Event "Luzern ol (Men)"]
[Site "Luzern"]
[Date "1982.??.??"]
[Round "2"]
[White "Hecht, Hans Joachim"]
[Black "Lamford, Paul A"]
[Result "1/2-1/2"]
[WhiteElo "2455"]
[BlackElo "2275"]

1.e4 c5 2.Nf3 Nc6 3.Bb5 g6 4.O-O Bg7 5.Re1 e5 6.Bxc6 dxc6 7.d3 Qe7 8.Nbd2 Nf6
9.Nc4 Nd7 10.a4 b6 11.Be3 O-O 12.Qd2 Rd8 13.Bh6 f6 14.Bxg7 Kxg7 15.Qe3 Nf8
16.c3 Ne6 17.Rad1 Ba6  1/2-1/2

[Event "Luzern ol (Men)"]
[Site "Luzern"]
[Date "1982.??.??"]
[Round "2"]
[White "Timman, Jan H"]
[Black "Santos, Luis"]
[Result "1/2-1/2"]
[WhiteElo "2600"]
[BlackElo "2360"]

1.e4 c5 2.Nf3 Nc6 3.Bb5 g6 4.O-O Bg7 5.Re1 Nf6 6.c3 O-O 7.h3 Qb6 8.Ba4 Ne8
9.Na3 Nc7 10.Nc4 Qa6 11.Ne3 b5 12.Bc2 c4 13.Nd5 Qb7 14.d4 cxd3 15.Bxd3 Rb8
16.Bg5 Re8 17.Qd2 d6 18.Rad1 Ne6 19.Bh6 Bh8 20.Bf1 a5 21.b4 Ra8 22.Be3 axb4
23.cxb4 Ra3 24.Rc1 Bd7 25.Rc2 Rea8 26.Rec1 R8a6 27.Qe2 Bd4 28.Qxb5 Qxb5 29.Bxb5 Bxe3
30.fxe3 Nxb4 31.Nxb4 Bxb5 32.Rc8+ Kg7 33.Nxa6 Bxa6 34.Re8 Kf6 35.Rc2 Bb5
36.Rb8 Bd3 37.Rf2 Nc5 38.Ne1+ Ke6 39.Nxd3 Nxd3 40.Rc2 Nc5 41.Kf2 Nxe4+ 42.Kf3 f5
43.Rb4 Nc5 44.Ke2 h5 45.h4 Kd5 46.Rd4+ Ke5 47.Rdc4 Kd5 48.Rd4+ Ke5 49.Rdc4 Kd5
50.Rd4+  1/2-1/2

[Event "Luzern ol (Men)"]
[Site "Luzern"]
[Date "1982.??.??"]
[Round "3"]
[White "Diez del Corral, Jesus"]
[Black "Williams, Arthur H"]
[Result "1-0"]
[WhiteElo "2475"]
[BlackElo "2390"]

1.e4 c5 2.Nf3 Nc6 3.Bb5 g6 4.O-O Bg7 5.Re1 e5 6.Bxc6 dxc6 7.d3 Qe7 8.Nbd2 Nf6
9.Nc4 Nd7 10.Kh1 O-O 11.Ng1 Nb6 12.Ne3 Be6 13.a4 Rad8 14.Qe2 f5 15.a5 Nc8
16.exf5 gxf5 17.f4 e4 18.dxe4 fxe4 19.Rf1 Nd6 20.c3 Kh8 21.Qf2 Nf7 22.Qe1 Nh6
23.Ne2 Rd3 24.Ng3 Bd5 25.Nh5 Nf5 26.Nxf5 Rxf5 27.Ng3 Rf8 28.Be3 c4 29.Qf2 Qh4
30.Rae1 Qg4 31.Bxa7 Re8 32.Re3 Bf6 33.Rfe1 Bh4 34.Bd4+ Kg8 35.Rf1 Kf7 36.Be5 h5
37.Rfe1 Bxg3 38.Rxg3 Rxg3 39.hxg3 h4 40.gxh4 Re6 41.Kg1 Rh6 42.a6 bxa6 43.Qa7+ Ke8
44.Qb8+ Kd7 45.f5 e3 46.Qa7+ Ke8 47.Bg3  1-0

[Event "Luzern ol (Men)"]
[Site "Luzern"]
[Date "1982.??.??"]
[Round "3"]
[White "Gavrilakis, Nikolaos"]
[Black "Campos Moreno, Javier B"]
[Result "1-0"]
[WhiteElo "2295"]
[BlackElo "2395"]

1.e4 c5 2.Nf3 Nc6 3.Bb5 g6 4.O-O Nf6 5.Nc3 Bg7 6.h3 O-O 7.e5 Ne8 8.Bxc6 dxc6
9.d3 Nc7 10.Ne4 b6 11.Be3 Ne6 12.Qd2 Re8 13.Bh6 Bh8 14.Neg5 Qd5 15.Nxe6 Bxe6
16.Qf4 Rad8 17.b3 b5 18.Rfe1 f6 19.Re3 c4 20.dxc4 bxc4 21.Rae1 cxb3 22.axb3 c5
23.Qa4 Bd7 24.Qa5 Bf5 25.c4 Qc6 26.exf6 Bxf6 27.Bg5 Bd7 28.Bxf6 exf6 29.Rxe8+ Rxe8
30.Rxe8+ Bxe8 31.Qxa7 Qd6 32.Qa5 Bc6 33.Qd2 Qe7 34.Qe3 Qd6 35.Ne1 Qd1 36.Kf1 Kf7
37.Qxc5 Bxg2+ 38.Kxg2 Qxe1 39.Qa7+ Kf8 40.Qc5+ Kg7 41.Qd5 Qb4 42.c5 Qb5 43.Kf3 f5
44.Ke3 Kh6 45.Qc4 Qe8+ 46.Kd3 Qc6 47.Qf4+ Kh5 48.Kc4 Qa6+ 49.Kb4 Qc6 50.Qd6 Qb7+
51.Kc4 Qe4+ 52.Qd4 Qc2+ 53.Kb4 g5 54.Qe3 g4 55.hxg4+ fxg4 56.Kb5 Qf5 57.Kb6 Qf8
58.b4 Qb8+ 59.Ka5 Qa7+ 60.Kb5 Qb7+ 61.Kc4 Qf7+ 62.Kc3 Qa2 63.Qd4 Qa4 64.c6  1-0

[Event "Luzern ol (Men)"]
[Site "Luzern"]
[Date "1982.??.??"]
[Round "3"]
[White "Leow Leslie M"]
[Black "Liu Wenzhe"]
[Result "0-1"]
[WhiteElo "2375"]
[BlackElo "2400"]

1.e4 c5 2.Nf3 Nc6 3.Bb5 d6 4.O-O Bd7 5.Re1 Nf6 6.c3 a6 7.Bf1 Bg4 8.h3 Bh5
9.d3 e5 10.g4 Bg6 11.Bg5 Be7 12.Nbd2 Nd7 13.Be3 h5 14.Bg2 hxg4 15.hxg4 Nf6
16.Nh2 Nh7 17.Ndf3 Qd7 18.Rb1 a5 19.a4 Rb8 20.Nd2 Ng5 21.Nc4 Qe6 22.Nb6 Nh3+
23.Bxh3 Rxh3 24.Kg2 Rh7 25.Nf1 Bd8 26.Nd5 Ne7 27.Nxe7 Bxe7 28.b4 cxb4 29.cxb4 d5
30.Bc5 dxe4 31.dxe4 axb4 32.Bxb4 Rd8 33.Qe2 Rd4 34.Qb5+ Qc6 35.Bxe7 Rxe4
36.Rxe4 Bxe4+ 37.Kg3 Bxb1 38.Qxb1 Rh1 39.f3 Kxe7 40.Qb4+ Ke8 41.Ne3 Rg1+
42.Kf2 Rc1 43.Qa5 f6 44.g5 Rc5 45.Qb4 fxg5 46.Qg4 Qh6 47.Kg2 Rc1 48.Nf1 Rc2+
49.Kg1 Rc6 50.Qb4 Rb6 51.Qc5 Qd6 52.Qc8+ Qd8 53.Qf5 Qd4+ 54.Kh1 Qc3  0-1

[Event "Luzern ol (Men)"]
[Site "Luzern"]
[Date "1982.??.??"]
[Round "7"]
[White "Bronstein, Luis"]
[Black "West, Guy"]
[Result "1-0"]
[WhiteElo "2395"]
[BlackElo "2230"]

1.e4 c5 2.Nf3 Nc6 3.Bb5 Nf6 4.Nc3 Nd4 5.e5 Nxb5 6.Nxb5 Nd5 7.O-O a6 8.c4 Nb4
9.Nc3 Nd3 10.Qe2 Nxc1 11.Raxc1 e6 12.Ne4 d6 13.Rc3 dxe5 14.Nxe5 Be7 15.Rd3 Qc7
16.f4 g6 17.Rh3 h5 18.Ng5 Rf8 19.Qe4 f5 20.Qe2 Bxg5 21.fxg5 Rg8 22.Re3 a5
23.Nd3 Ra6 24.Re5 Rc6 25.Nf4 Kf7 26.Re1 Qd6 27.h4 Qd4+ 28.Qe3 Rd8 29.d3 b6
30.Qxd4 Rxd4 31.g3 Rcd6 32.R1e3 Rxf4 33.gxf4 Rd4 34.Rf3 Bb7 35.Rfe3 Bc8 36.Rf3 Bb7
37.Rf2 Rxd3 38.Rfe2 Be4 39.Rf2 Rh3 40.Rh2 Rg3+ 41.Kf1 Rg4 42.Rf2  1-0

[Event "Luzern ol (Men)"]
[Site "Luzern"]
[Date "1982.??.??"]
[Round "14"]
[White "Hase, Juan C"]
[Black "Maki, Veijo"]
[Result "1/2-1/2"]
[WhiteElo "2445"]
[BlackElo "2315"]

1.e4 c5 2.Nf3 Nc6 3.Bb5 g6 4.O-O Bg7 5.Re1 Nf6 6.e5 Nd5 7.Nc3 Nc7 8.Bxc6 dxc6
9.h3 O-O 10.d3 Ne6 11.Ne4 Qd5 12.c4 Qd8 13.Be3 b6 14.Qd2 f5 15.exf6 exf6
16.Rad1 a5 17.Bh6 Bxh6 18.Qxh6 Ra7 19.Ng3 Re8 20.Re3 Rd7 21.Ne4 Rf8 22.Ng3 Re8
23.Ne4 Ng7 24.Rde1 Rf8 25.Ng3 Rff7 26.Qf4 Rxd3 27.Rxd3 Qxd3 28.Ne4 Qd8 29.Qb8 Rf8
30.Qa7 Ne6 31.Nc3 Qc7 32.Qxc7 Nxc7 33.Na4 Na8 34.Re7 Bf5 35.Ra7 Bb1 36.Nc3 Bd3
37.b3 Rc8 38.Nd2 Nc7 39.Rb7 b5 40.Nde4 Bxe4 41.Nxe4 Ne8 42.cxb5 f5 43.Ng5 cxb5
44.Rxb5 a4 45.Rb7 axb3 46.axb3 Nc7 47.h4 h6 48.Nf3 Ne6 49.Ne5 g5 50.Nf7 Rc7
51.Nxh6+ Kg7 52.Nxf5+ Kg6 53.Ne7+ Kf7 54.Rxc7 Nxc7 55.Nf5 Kg6 56.Nd6 gxh4
57.Kh2 Ne6 58.Ne4 Kh5 59.f3 Kg6 60.Kh3 Kh5 61.g4+ hxg3 62.Kxg3 Kg6 63.Kg4 Kf7
64.f4 Ke7 65.f5 Nd4 66.Kg5 Nxb3 67.Kg6 Nd4 68.f6+ Kd8 69.Nxc5 Ke8 70.f7+ Ke7
71.Nd7 Ne6 72.Ne5 Nf4+ 73.Kg7 Nh5+ 74.Kh6 Nf4 75.Kg5 Ne6+ 76.Kg6 Nf4+ 77.Kh6 Ne6  1/2-1/2

[Event "Marbella zt-A"]
[Site "Marbella"]
[Date "1982.??.??"]
[Round "1"]
[White "Short, Nigel D"]
[Black "Seret, Jean Luc"]
[Result "1-0"]
[WhiteElo "2430"]
[BlackElo "2400"]

1.e4 c5 2.Nf3 Nc6 3.Bb5 g6 4.O-O Bg7 5.Re1 e5 6.a4 Nge7 7.d3 O-O 8.Nbd2 d6
9.c3 h6 10.Nf1 Be6 11.Ne3 Kh7 12.h4 f5 13.h5 gxh5 14.exf5 Nxf5 15.Nxf5 Bxf5
16.Nh2 Bg6 17.Be3 Ne7 18.d4 cxd4 19.cxd4 Nf5 20.dxe5 Bxe5 21.Nf3 Bxb2 22.Rb1 Bg7
23.Bf4 Nh4 24.Nxh4 Qxh4 25.Bg3 Qf6 26.Bd3 b6 27.Bxg6+ Qxg6 28.Re7 Kh8 29.Rc1 Rac8
30.Rxa7 Rxc1 31.Qxc1 Bd4 32.Qd2 Qxg3 33.Qxh6+ Kg8 34.Qh7+  1-0

[Event "Moscow-ch"]
[Site "Moscow"]
[Date "1982.??.??"]
[Round "6"]
[White "Lutikov, Anatoly S"]
[Black "Kalinitschew, Sergey"]
[Result "1-0"]
[WhiteElo "2390"]
[BlackElo "2320"]

1.e4 c5 2.Nf3 Nc6 3.Bb5 d6 4.O-O Bd7 5.Re1 Nf6 6.c3 a6 7.Bf1 Bg4 8.d3 g6
9.Nbd2 Bg7 10.h3 Bxf3 11.Nxf3 O-O 12.d4 cxd4 13.cxd4 Rc8 14.Qb3 Nd7 15.Be3 e5
16.dxe5 Ncxe5 17.Nxe5 Bxe5 18.Qxb7 Nc5 19.Qd5 Bxb2 20.Rab1 Be5 21.f4 Bg7
22.Rec1 Qh4 23.e5 Ne6 24.Rxc8 Rxc8 25.exd6 Nxf4 26.Qf3 Ne6 27.Bxa6 Rf8 28.Bb5 Be5
29.d7 Bc7 30.Rd1 Qb4 31.a4 Qc3 32.Qe4 Qb3 33.Rc1 Qa3 34.Qd3 Qe7 35.Rd1 Qh4
36.Bf2 Qf4 37.g3 Qf6 38.Kg2 h5 39.Qf3 Qb2 40.h4 Ng7 41.Qe2 Qa3 42.Rc1 Ne6
43.Qd3 Qxd3 44.Bxd3  1-0

[Event "Moscow-ch"]
[Site "Moscow"]
[Date "1982.??.??"]
[Round "9"]
[White "Kuzmin, Alexey"]
[Black "Suetin, Alexey S"]
[Result "1/2-1/2"]
[WhiteElo "2200"]
[BlackElo "2450"]

1.e4 c5 2.Nf3 Nc6 3.Bb5 g6 4.O-O Bg7 5.Re1 e5 6.b4 cxb4 7.a3 Nge7 8.axb4 O-O
9.Ba3 a6 10.Bf1 d6 11.b5 axb5 12.Bxb5  1/2-1/2

[Event "Pamporovo"]
[Site "Pamporovo"]
[Date "1982.??.??"]
[Round "5"]
[White "Abramovic, Bosko"]
[Black "Ermenkov, Evgenij"]
[Result "1/2-1/2"]
[WhiteElo "2445"]
[BlackElo "2460"]

1.e4 c5 2.Nf3 Nc6 3.Bb5 Nf6 4.Nc3 g6 5.O-O Bg7 6.Re1 O-O 7.e5 Ng4 8.Bxc6 dxc6
9.b3 Nh6 10.h3 Nf5 11.d3 b6 12.a4 a5 13.Bb2 Nd4 14.Ne4 f5 15.exf6 exf6 16.Ned2 Ra7
17.Nc4 b5 18.Ncd2 Ne6 19.Ra2 b4 20.Ra1 Re8 21.Nc4 Rae7 22.Qd2 Ba6 23.Re2 Bxc4
24.bxc4 f5 25.Bxg7  1/2-1/2

[Event "Plovdiv"]
[Site "Plovdiv"]
[Date "1982.??.??"]
[Round "5"]
[White "Tringov, Georgi P"]
[Black "Groszpeter, Attila"]
[Result "1/2-1/2"]
[WhiteElo "2460"]
[BlackElo "2480"]

1.e4 c5 2.Nf3 Nc6 3.Bb5 d6 4.d4 cxd4 5.Qxd4 Bd7 6.Bxc6 Bxc6 7.Nc3 Nf6 8.Bg5 e6
9.O-O-O Be7 10.Rhe1 O-O 11.Kb1 h6 12.Bh4 Qc7 13.Qd2 Rfd8 14.Nd4 Rab8 15.f3 Nxe4
16.Rxe4 Bxe4 17.Bxe7 Bxc2+ 18.Qxc2 Qxe7 19.f4 d5 20.g4 Rbc8 21.Qf2 Rc4 22.h4 Rdc8
23.g5 h5 24.Qe3 Qb4 25.Nce2 g6 26.Ng1 a5 27.Ngf3 a4 28.a3 Qb6 29.Ne5 R4c7
30.Qd2 Kg7 31.Qe2 Kh7 32.Qd2 Kg7 33.Re1 Kg8 34.Rd1 Kg7  1/2-1/2

[Event "Plovdiv"]
[Site "Plovdiv"]
[Date "1982.??.??"]
[Round "9"]
[White "Tringov, Georgi P"]
[Black "Panchenko, Alexander N"]
[Result "1/2-1/2"]
[WhiteElo "2460"]
[BlackElo "2480"]

1.e4 c5 2.Nf3 Nc6 3.Bb5 e6 4.O-O Nge7 5.Re1 a6 6.Bxc6 Nxc6 7.d4 cxd4 8.Nxd4 d6
9.Nc3 Bd7 10.Nxc6 bxc6 11.b3 Be7 12.Bb2 O-O 13.Ne2  1/2-1/2

[Event "Bohemians"]
[Site "Prague"]
[Date "1982.??.??"]
[Round "6"]
[White "Nicevski, Risto"]
[Black "Streitberg, Petr"]
[Result "1-0"]
[WhiteElo "2370"]
[BlackElo "2215"]

1.e4 c5 2.Nf3 Nc6 3.Bb5 d6 4.O-O Nf6 5.Re1 e5 6.c3 Bd7 7.d4 Qc7 8.Bg5 Be7
9.dxc5 dxc5 10.Nbd2 O-O 11.Nc4 Be6 12.Qa4 Bxc4 13.Qxc4 Na5 14.Qe2 a6 15.Bd3 c4
16.Bc2 b5 17.Nd2 Ne8 18.Bxe7 Qxe7 19.Nf1 Nc7 20.Ne3 Ne6 21.b4 cxb3 22.axb3 Nb7
23.b4 Nf4 24.Qf1 Rfc8 25.g3 Qg5 26.Ra3 Rc6 27.Kh1 Ng6 28.Bb3 Rac8 29.Bd5 Rb6
30.Rxa6 Rxa6 31.Bxb7 Raa8 32.Bxa8 Rxa8 33.Qxb5 h5 34.Qe2 h4 35.Qg4 Qf6 36.Nf5 Ra2
37.Kg2 Rc2 38.Re3 h3+ 39.Qxh3 Qg5 40.Kf3 Qd8 41.Qf1 Qg5 42.Qb1 Rd2 43.Rd3 Qh5+
44.Kg2 Re2 45.Kf1 Kh7 46.Qd1  1-0

[Event "Reykjavik op"]
[Site "Reykjavik"]
[Date "1982.??.??"]
[Round "?"]
[White "Angantysson, Haukur"]
[Black "Olafsson, Fridrik"]
[Result "1-0"]
[WhiteElo "2400"]
[BlackElo "2530"]

1.e4 c5 2.Nf3 Nc6 3.Bb5 e6 4.O-O Nge7 5.c3 a6 6.Ba4 b5 7.Bc2 Bb7 8.Re1 d5
9.d3 Ng6 10.a4 Be7 11.axb5 axb5 12.Rxa8 Bxa8 13.exd5 exd5 14.d4 cxd4 15.Nxd4 Nxd4
16.Qxd4 O-O 17.Bd3 Bf6 18.Qc5 d4 19.Qxb5 Nh4 20.Bf1 Qc8 21.Qd3 Rd8 22.c4 Qb7
23.f3 Ng6 24.Nd2 Bg5 25.c5 Qb4 26.Qb5 Bxd2 27.Re8+ Rxe8 28.Qxe8+ Nf8 29.Bxd2 Qxd2
30.Qxa8 Qe3+ 31.Kh1 Qc1 32.Qa6 Qxc5 33.Qc4 Qa7 34.b4 g6 35.b5 Ne6 36.h3 Kf8
37.Qc8+ Ke7 38.Qa6 Qb8 39.b6 Kd6 40.Qa7 Qxa7 41.bxa7 Nc7 42.Bd3 f5 43.g4 Kc6
44.gxf5  1-0

[Event "Reykjavik op"]
[Site "Reykjavik"]
[Date "1982.??.??"]
[Round "?"]
[White "Angantysson, Haukur"]
[Black "Zaltsman, Vitaly F"]
[Result "1-0"]
[WhiteElo "2400"]
[BlackElo "2405"]

1.e4 c5 2.Nf3 Nc6 3.Bb5 g6 4.O-O Bg7 5.c3 Nf6 6.Re1 O-O 7.d4 cxd4 8.cxd4 d5
9.e5 Ne4 10.Nc3 Nxc3 11.bxc3 Na5 12.Ng5 h6 13.Nf3 Be6 14.Nh4 g5 15.Nf3 Qc8
16.Bd3 Bf5 17.Qc2 Bxd3 18.Qxd3 Qe6 19.h3 Nc4 20.Nd2 Rac8 21.Nxc4 Rxc4 22.f4 gxf4
23.Bxf4 Qg6 24.Qf3 e6 25.Re3 Kh7 26.Qe2 Rg8 27.Rg3 Qe4 28.Qxe4+ dxe4 29.Rb1 b6
30.Bd2 Rd8 31.Rf1 Rd7 32.Rf4 Ra4 33.Rxe4 Rxa2 34.Reg4 f5 35.exf6 Bxf6 36.Bxh6 Ra1+
37.Kh2 Rf1 38.Bg5 Rg7 39.Bxf6 Rxg4 40.Rxg4 Rxf6 41.Rg5 Rf5 42.Rxf5 exf5 43.d5 Kg7
44.h4 a5 45.d6 Kf7 46.d7  1-0

[Event "DDR-ch (Women) "]
[Site "Salzwedel"]
[Date "1982.??.??"]
[Round "5"]
[White "Nuenchert, Eveline"]
[Black "Wagner Michel, Annett"]
[Result "1/2-1/2"]
[WhiteElo "2095"]
[BlackElo "2160"]

1.e4 c5 2.Nf3 Nc6 3.Bb5 g6 4.O-O Bg7 5.Re1 Nf6 6.c3 O-O 7.d3 Qb6 8.Bxc6 Qxc6
9.Nbd2 d6 10.Nf1 Bg4 11.h3 Bxf3 12.Qxf3 Nd7 13.Qe2 Rfe8  1/2-1/2

[Event "Sarajevo"]
[Site "Sarajevo"]
[Date "1982.??.??"]
[Round "?"]
[White "Dizdarevic, Emir"]
[Black "Sax, Gyula"]
[Result "0-1"]
[WhiteElo "2415"]
[BlackElo "2550"]

1.e4 c5 2.Nf3 Nc6 3.Bb5 Qb6 4.Qe2 g6 5.Nc3 Bg7 6.O-O a6 7.Nd5 Qd8 8.Bxc6 dxc6
9.Ne3 Nf6 10.d3 O-O 11.a4 a5 12.Bd2 Nd7 13.Nc4 Qc7 14.Rfb1 Re8 15.Qe1 b6
16.Bc3 e5 17.Qe2 Nf8 18.Nh4 Ne6 19.g3 Bd7 20.b3 Rf8 21.Ng2 Nd4 22.Bxd4 cxd4
23.f4 b5 24.Nd2 exf4 25.gxf4 f5 26.e5 bxa4 27.Rxa4 c5 28.Ra2 Bc6 29.Rba1 Bh6
30.Nc4 a4 31.bxa4 g5 32.Kf2 g4 33.Rb2 Bxg2 34.Kxg2 Qc6+ 35.Kg3 Bxf4+ 36.Kxf4 Qh6+
37.Kg3 f4+ 38.Kxg4 Ra7 39.Kf3 Rg7 40.Re1 Qh3+ 41.Ke4 f3 42.Qf2 Qe6  0-1

[Event "BUL-ch (Women)"]
[Site "Sofia"]
[Date "1982.??.??"]
[Round "3"]
[White "Savova, Stefka"]
[Black "Danova, Tanja"]
[Result "1-0"]
[WhiteElo "2010"]
[BlackElo "1895"]

1.e4 c5 2.Nf3 Nc6 3.Bb5 e6 4.O-O Nge7 5.Re1 a6 6.Bf1 d5 7.e5 Nf5 8.c3 Be7
9.d3 O-O 10.g3 Rb8 11.h4 g6 12.Bh3 d4 13.c4 b6 14.Bf4 Ra8 15.Nbd2 Bb7 16.Ne4 Na5
17.Qd2 Re8 18.Bg5 Bxe4 19.Rxe4 f6 20.exf6 Bxf6 21.Rae1 Ra7 22.Rxe6 Rxe6 23.Rxe6 Bxg5
24.Qxg5 Qxg5 25.Nxg5 b5 26.b3 Ne7 27.Ne4 Nac6 28.Nxc5 Nb4 29.a3 Nc2 30.Rxa6 Rxa6
31.Nxa6 Nxa3 32.Nc7 bxc4 33.bxc4 Nc2 34.Kf1 Nb4 35.Ke2 Nec6 36.Bg2 Kf7 37.Nd5 Na6
38.Nf4 Ne5 39.Bd5+ Kf6 40.Ne6 Nb4 41.Nxd4 Nexd3 42.Nc6 Nxd5 43.Kxd3 Nc7 44.Ke4 h6
45.Ne5 Ne8 46.Ng4+ Kg7 47.Ke5 h5 48.Ne3 Kf7 49.Nd5 Ng7 50.c5 Nf5 51.c6 Ke8
52.Kf6 Nd4 53.c7 Kd7 54.Kxg6  1-0

[Event "BUL-ch (Women)"]
[Site "Sofia"]
[Date "1982.??.??"]
[Round "7"]
[White "Gocheva, Rumiana B"]
[Black "Kolchakova, Jeni"]
[Result "1/2-1/2"]
[WhiteElo "2105"]
[BlackElo "1945"]

1.e4 c5 2.Nf3 Nc6 3.Bb5 a6 4.Bxc6 dxc6 5.h3 g6 6.Qe2 Bg7 7.Nc3 Nf6 8.d3 b6
9.Be3 Qc7 10.a4 Nd7 11.O-O O-O 12.Nd2 Bb7 13.a5 b5 14.Nb3 b4 15.Na4 Rfe8
16.Bxc5 Nxc5 17.Nbxc5 Rab8 18.Qe3 Bc8 19.Nb3 Be6 20.Nac5 Bxb3 21.cxb3 Rb5
22.Na4 Rxa5 23.Rac1 Rd8 24.Rc4 Qd6 25.Qb6 Rb5 26.Qxa6 Qxd3 27.Qxc6 Rbb8 28.Nc5 Qd6
29.Qxd6 Rxd6 30.Na4 Rd2 31.Rfc1 Bxb2 32.Rc8+ Rxc8 33.Rxc8+ Kg7 34.Rc4 Rd1+
35.Kh2 Be5+ 36.g3 Rd4 37.Rxd4 Bxd4 38.f4 Kf6 39.Kg2 e5 40.Kf3 exf4 41.gxf4 g5
42.Kg4 gxf4 43.Kxf4 Ke6 44.e5 Kd5 45.Kf5 Bxe5 46.Nb6+ Kd4 47.Nc4 Bg7 48.Na5 Kd3
49.h4 Bd4 50.h5 Bg7 51.Nc6 Kc3 52.Na5 Kc2 53.Kg5 Be5 54.Kf5 Bg7 55.Kg5 Kc3
56.Kf5 Be5 57.Nc6 Bg7 58.Na5 Kc2  1/2-1/2

[Event "BUL-ch (Women)"]
[Site "Sofia"]
[Date "1982.??.??"]
[Round "11"]
[White "Gocheva, Rumiana B"]
[Black "Isusova, Nevena"]
[Result "1-0"]
[WhiteElo "2105"]
[BlackElo "2020"]

1.e4 c5 2.Nf3 Nc6 3.Bb5 g6 4.O-O Bg7 5.Bxc6 bxc6 6.d3 Nf6 7.Nc3 O-O 8.h3 d6
9.Be3 Rb8 10.Rb1 Re8 11.Qd2 Qc7 12.Bh6 Bh8 13.Ng5 d5 14.Na4 dxe4 15.dxe4 Ba6
16.Rfe1 Nd7 17.Nf3 Bb5 18.Nc3 Ne5 19.Qe3 Qb6 20.Nxe5 Bxe5 21.Ne2 Bxe2 22.Qxe2 Qa5
23.b3 Rbd8 24.a4 Rd6 25.Red1 Red8 26.Bg5 Kf8 27.Rxd6 Rxd6 28.Rd1 Qd8 29.Rxd6 Qxd6
30.Qd3 Qd4 31.Qxd4 cxd4 32.Kf1 Bd6 33.Ke2 e5 34.Bf6 c5 35.Kd3 Ke8 36.Kc4 Kd7
37.Kd5 a6 38.Bxe5 Be7 39.Bb8 Bh4 40.g3 Be7 41.Ba7  1-0

[Event "BUL-ch (Women)"]
[Site "Sofia"]
[Date "1982.??.??"]
[Round "12"]
[White "Isusova, Nevena"]
[Black "Jovkova Draganova, Petranka"]
[Result "1-0"]
[WhiteElo "2020"]
[BlackElo "2050"]

1.e4 c5 2.Nf3 Nc6 3.Bb5 e6 4.O-O Nge7 5.d4 cxd4 6.Bxc6 Nxc6 7.Nxd4 Bc5 8.Nb3 Bb6
9.Nc3 O-O 10.Kh1 f5 11.f4 Rf6 12.e5 Rh6 13.Qe1 Nb4 14.Qg3 Nxc2 15.Rb1 d5
16.exd6 Qxd6 17.Rd1 Qe7 18.Na4 Bd7 19.Nxb6 axb6 20.Qg5 Qe8 21.Rd2 Rg6 22.Qh5 Rg4
23.Qh3 Rxf4 24.g3 Rc4 25.Kg1 Ra7 26.Qf1 Bb5 27.Qf2 Ra8 28.Rxc2 Rxc2 29.Qxc2 Qd7
30.Bf4 Qd5 31.Rd1 Qf3 32.Nd4 Qd5 33.Nxb5 Qxb5 34.Qc7 Qe2 35.Rd8+ Rxd8 36.Qxd8+ Kf7
37.Qd7+ Kg6 38.Qe8+ Kf6 39.Qf8+ Kg6 40.Qe8+ Kf6 41.Qd8+ Kf7  1-0

[Event "JUG-ch"]
[Site "Vrbas"]
[Date "1982.??.??"]
[Round "?"]
[White "Barlov, Dragan"]
[Black "Ivanovic, Bozidar"]
[Result "1-0"]
[WhiteElo "2405"]
[BlackElo "2485"]

1.e4 c5 2.Nf3 Nc6 3.Bb5 e6 4.O-O Nge7 5.Bxc6 Nxc6 6.d4 cxd4 7.Nxd4 Qc7 8.Nc3 Be7
9.Ndb5 Qb8 10.Qg4 O-O 11.Bf4 Ne5 12.Qg3 f6 13.Rad1 a6 14.Nd4 b5 15.Nf3 d6
16.Nd4 Bd7 17.Qh3 b4 18.Nce2 Qb7 19.Bc1 Nf7 20.Rfe1 Rfe8 21.Qb3 Bf8 22.Ng3 a5
23.Nh5 Rac8 24.Qg3 Kh8 25.Qh4 e5 26.Nf5 Bxf5 27.exf5 d5 28.c3 Red8 29.Bd2 Rc4
30.Qh3 bxc3 31.bxc3 Nd6 32.f3 Ra4 33.g4 Rxa2 34.g5 Nc4 35.Bc1 fxg5 36.Bxg5 Be7
37.Bxe7 Qxe7 38.Kh1 Qf8 39.Qh4 Rd6 40.Qg5 Rg6 41.Qh4 Rd6 42.Rb1 Nd2 43.f6 g6
44.Qg3 Nxb1 45.Qxe5 Kg8 46.Rxb1 Re2 47.f7+ Kxf7 48.Rb7+ Kg8 49.Rg7+ Kh8 50.Rf7+  1-0

[Event "JUG-ch"]
[Site "Vrbas"]
[Date "1982.??.??"]
[Round "?"]
[White "Barlov, Dragan"]
[Black "Rajkovic, Dusan"]
[Result "1-0"]
[WhiteElo "2405"]
[BlackElo "2460"]

1.e4 c5 2.Nf3 Nc6 3.Bb5 Nf6 4.e5 Nd5 5.Nc3 Nc7 6.a4 g6 7.O-O Nd4 8.Ne4 Bg7
9.c3 Ndxb5 10.axb5 b6 11.d4 cxd4 12.Nxd4 O-O 13.Bf4 Ne6 14.Bg3 Bb7 15.Qe2 Qc8
16.f4 Bd5 17.f5 Nxd4 18.cxd4 Bc4 19.Qe3 Bxf1 20.f6 Bxb5 21.fxg7 Kxg7 22.Bh4 f5
23.exf6+ exf6 24.Bxf6+ Rxf6 25.Nxf6 Qf8 26.Ng4 Re8 27.Qh6+ Kg8 28.Qg5 Re6
29.Qxb5 Qf4 30.h3 Qxd4+ 31.Kh1 h5 32.Nh2 a6 33.Qb3 b5 34.Nf3 Qc4 35.Qxc4 bxc4
36.Rc1 d5 37.Rd1 Rd6 38.Kg1 a5 39.Kf2 Rb6 40.Rd2 a4 41.Ke3 Kf7 42.Kd4 Ke6
43.Ng5+ Kd6 44.Rf2 Rb3 45.Rf6+ Ke7 46.Re6+ Kd7 47.Re2 Rd3+ 48.Kc5 a3 49.bxa3 c3
50.Nf3  1-0

[Event "Vrnjacka Banja"]
[Site "Vrnjacka Banja"]
[Date "1982.??.??"]
[Round "10"]
[White "Kostic, Vladimir"]
[Black "Rajkovic, Dusan"]
[Result "1/2-1/2"]
[WhiteElo "2265"]
[BlackElo "2460"]

1.e4 c5 2.Nf3 Nc6 3.Bb5 e6 4.O-O Nge7 5.c3 a6 6.Ba4 d5 7.Qe2 d4 8.d3 Bd7
9.a3 Ng6 10.Ng5 h6 11.Nh3 Be7 12.f4 O-O 13.Bb3 Re8 14.Nd2 b5 15.Ba2 dxc3
16.bxc3 b4 17.Bb2 Bf8 18.Kh1 a5 19.a4 Rb8 20.Bc4 bxc3 21.Bxc3 Nd4 22.Qf2  1/2-1/2

[Event "Yerevan zt"]
[Site "Yerevan"]
[Date "1982.??.??"]
[Round "14"]
[White "Zaitsev, Igor A"]
[Black "Kupreichik, Viktor D"]
[Result "1-0"]
[WhiteElo "2465"]
[BlackElo "2570"]

1.e4 c5 2.Nf3 Nc6 3.Bb5 g6 4.O-O Bg7 5.c3 Nf6 6.Re1 O-O 7.d4 cxd4 8.cxd4 a6
9.Bd3 Nb4 10.Bf1 d5 11.e5 Ne4 12.Nc3 Nxc3 13.bxc3 Nc6 14.h3 Na5 15.Nh2 Qc7
16.Ng4 Be6 17.Bg5 Rac8 18.Rc1 Qd7 19.Qf3 Rc7 20.Qg3 Rfc8 21.Qh4 Bxg4 22.hxg4 Rxc3
23.Rxc3 Rxc3 24.Bxe7 Nc6 25.Bf6 Qe6 26.f4 Nxd4 27.f5 Qb6 28.Kh1 Nc2 29.Bxg7 Nxe1
30.e6 Nf3 31.gxf3 Rc1 32.Kg2 Rc2+ 33.Kh3 Qc7 34.Bg2 fxe6 35.fxg6 Kxg7 36.Qxh7+ Kf6
37.g7 Qxg7 38.Qxc2 Qh6+ 39.Kg3 e5 40.Kf2 Qf4 41.Qb2 Kg5 42.Qc3 d4 43.Qd3 b5
44.Bf1 b4 45.Qxa6 Kh4 46.Qd3 Qg3+ 47.Ke2 Qh2+ 48.Ke1 Qxa2 49.Be2 b3 50.Kf2 Qc2
51.Qf5  1-0

[Event "WchT U26"]
[Site "Chicago"]
[Date "1983.??.??"]
[Round "?"]
[White "Dolmatov, Sergey"]
[Black "Whitehead, Jay E"]
[Result "1/2-1/2"]
[WhiteElo "2550"]
[BlackElo "2325"]

1.e4 c5 2.Nf3 Nc6 3.Bb5 e6 4.Bxc6 bxc6 5.O-O Ne7 6.b3 d6 7.d4 cxd4 8.Qxd4 e5
9.Qe3 f6 10.c4 d5 11.Nh4 Qb6 12.Qd3 dxc4 13.bxc4 Qd4 14.Qxd4 exd4 15.Nd2 Ng6
16.Nxg6 hxg6 17.Bb2 c5 18.Ba3 Kf7 19.f4 Rb8 20.Rab1 Rb6 21.g3 Be7 22.Rb3 Bd7
23.Rfb1 Rhb8 24.Kf2 Ba4 25.R3b2 Rxb2 26.Rxb2 Rb6 27.h4 Ra6 28.Ke2 Bd1+ 29.Kxd1 Rxa3
30.Rb7 Rxa2 31.Nb3 Ra4 32.Nxc5 Rxc4 33.Na6 Kf8 34.Rb8+ Kf7 35.Rb7 Ra4 36.Nc7 Kf8
37.e5 fxe5 38.fxe5 Ra1+ 39.Kd2 a5 40.Nd5 Bb4+ 41.Kd3 Rd1+ 42.Kc4 Rc1+ 43.Kd3  1/2-1/2

[Event "Frunze"]
[Site "Frunze"]
[Date "1983.??.??"]
[Round "?"]
[White "Dvorietzky, Mark I"]
[Black "Tseshkovsky, Vitaly"]
[Result "1/2-1/2"]
[WhiteElo "2480"]
[BlackElo "2560"]

1.e4 c5 2.Nf3 Nc6 3.Bb5 g6 4.O-O Bg7 5.c3 Nf6 6.Re1 O-O 7.d4 cxd4 8.cxd4 d5
9.e5 Ne4 10.Bxc6 bxc6 11.Nc3 Nxc3 12.bxc3 Qa5 13.Qb3 Bg4 14.Qa3 Qc7 15.Nd2 f6
16.h3 Bxh3 17.exf6 Bxf6 18.gxh3 Bh4 19.Re2 Qf4 20.Kh1 Bxf2 21.Qxe7 Rae8 22.Qxe8 Rxe8
23.Rxe8+ Kf7 24.Re2 Qg3 25.Rxf2+ Qxf2 26.Nb3 Qf1+ 27.Kh2 Qf2+ 28.Kh1 Qg3
29.Bd2 Qxh3+ 30.Kg1 Qg3+ 31.Kf1 h5 32.Re1 h4 33.Re3 Qh2 34.Rf3+ Kg8 35.Bf4 Qh1+
36.Kf2 h3 37.Rg3 Qh2+ 38.Kf3 Qh1+ 39.Kf2 Qh2+ 40.Kf3 Qh1+ 41.Kf2  1/2-1/2

[Event "Gausdal Int"]
[Site "Gausdal"]
[Date "1983.??.??"]
[Round "?"]
[White "Nykopp, Jan Michael F"]
[Black "Zaltsman, Vitaly F"]
[Result "1-0"]
[WhiteElo "2280"]
[BlackElo "2390"]

1.e4 c5 2.Nf3 Nc6 3.Bb5 g6 4.O-O Bg7 5.c3 Nf6 6.Re1 O-O 7.h3 Qc7 8.d4 cxd4
9.cxd4 d5 10.e5 Ne4 11.Nc3 Nxc3 12.bxc3 Na5 13.Bg5 Bd7 14.Bd3 Rfe8 15.Qd2 Nc4
16.Bxc4 Qxc4 17.Bh6 Bh8 18.Ng5 Bf5 19.g4 Bd7 20.Re3 Bg7 21.Bxg7 Kxg7 22.e6 fxe6
23.Nxe6+ Bxe6 24.Rxe6 Rac8 25.Rae1 Rc7 26.Qg5 Qxc3 27.Qe5+ Kg8 28.Qxd5 Qc4
29.Rxg6+  1-0

[Event "BL2-N"]
[Site "Germany"]
[Date "1983.??.??"]
[Round "?"]
[White "Lieb, Harald"]
[Black "Neumann, Joachim"]
[Result "0-1"]
[WhiteElo "2275"]
[BlackElo "2235"]

1.Nf3 c5 2.e4 Nc6 3.Bb5 g6 4.O-O Bg7 5.c3 Nf6 6.Re1 O-O 7.h3 e5 8.d3 d6 9.Nbd2 Bd7
10.a4 a6 11.Bc4 Na5 12.Ba2 b5 13.axb5 axb5 14.Nf1 h6 15.Ne3 Nc6 16.Bd2 Ne7
17.Bb3 Rxa1 18.Qxa1 Qa8 19.Nh2 Bc6 20.Nhg4 h5 21.Nxf6+ Bxf6 22.Qd1 Bg7 23.g4 hxg4
24.Nxg4 c4 25.Bc2 f5 26.Bg5 fxg4 27.Bxe7 Rf7 28.Bh4 gxh3 29.Qg4 Rf4 30.Qe6+ Kh7
31.Qxh3 Bd7 32.Qh2 Kg8 33.Bg3 Rf7 34.f4 Qa7+ 35.Kg2 exf4 36.Bxf4 Be5 37.Bg3 Rh7
38.Bxe5 Rxh2+ 39.Bxh2 Qa2 40.dxc4 Qxb2 41.Re2 Qxc3 42.cxb5 Qh3+ 43.Kg1 Bxb5
44.Rf2 Qa3 45.Bf4 Qa1+ 46.Kg2 Qa3 47.Rd2 Qc3 48.Bb1 Bc4 49.Bc2 Kf7 50.Rf2 Ke6
51.Bd1 Bd3 52.Bg4+ Ke7 53.Bf3 Qe1 54.Bd2 Qb1 55.Bg5+ Kd7 56.Bg4+ Kc6 57.Rf4 Kc5
58.Bf3 Qe1 59.Kh2 Bf1 60.Bh1 Qe2+ 61.Kg1 Bh3 62.Bf3 Qc2 63.Rf6 Qc3 64.Rf7 Qa1+  0-1

[Event "Gladsaxe"]
[Site "Gladsaxe"]
[Date "1983.??.??"]
[Round "?"]
[White "Hansen, Curt"]
[Black "Kristensen, Bjarke"]
[Result "1-0"]
[WhiteElo "2450"]
[BlackElo "2300"]

1.e4 c5 2.Nf3 Nc6 3.Bb5 Nf6 4.Nc3 Nd4 5.e5 Nxb5 6.Nxb5 Nd5 7.O-O a6 8.c4 axb5
9.cxd5 e6 10.d4 b6 11.Ng5 Be7 12.Nxf7 Kxf7 13.Qf3+ Kg8 14.dxe6 dxe6 15.Qxa8 c4
16.Be3 h5 17.Rad1 Kh7 18.Qe4+ g6 19.d5 Bb7 20.Qf4 Bxd5 21.Qf7+  1-0